Vývojové trendy vo svetovej ekonomike - globálne ekonomické riziká a možné vplyvy
Dynamika a vývojové trendy vo svetovej ekonomike, formovanie nových ekonomických nadnárodných zoskupení. Vplyv globalizácie na rozšírenie krízových situácií v jednotlivých krajinách. Členenie globálnych ekonomických rizík. Základné črty vývoja svetových ekonomických centier: Japonska, USA. Najvýznam...
Saved in:
| Main Author: | |
|---|---|
| Format: | Book Chapter |
| Language: | Slovak |
| Subjects: | |
| Tags: |
No Tags, Be the first to tag this record!
|
MARC
| LEADER | 00000naa$a2200000$$$4500 | ||
|---|---|---|---|
| 001 | 0034689 | ||
| 005 | 20240502071445.2 | ||
| 041 | 0 | |a slo | |
| 044 | |a SK | ||
| 245 | 1 | 0 | |a Vývojové trendy vo svetovej ekonomike - globálne ekonomické riziká a možné vplyvy |c Vladimír Hniličan |
| 520 | |a Dynamika a vývojové trendy vo svetovej ekonomike, formovanie nových ekonomických nadnárodných zoskupení. Vplyv globalizácie na rozšírenie krízových situácií v jednotlivých krajinách. Členenie globálnych ekonomických rizík. Základné črty vývoja svetových ekonomických centier: Japonska, USA. Najvýznamnejšie globálne obchodné zoskupenia, globálne obchodné bloky. Proces globalizácie v bankovo-finančnej sfére a ďalších odvetviach | ||
| 610 | 2 | 0 | |a integrácia ekonomická medzinárodná |
| 610 | 2 | 0 | |a hospodárstvo svetové |
| 610 | 2 | 0 | |a globalizácia hospodárstva |
| 610 | 2 | 0 | |a korporácie |
| 610 | 2 | 0 | |a bankovníctvo |
| 100 | 1 | |a Hniličan, Vladimír | |